Manual de derecho administrativo (Registro nro. 547)

Detalles MARC
000 -LEADER
fixed length control field 01888 a2200241 4500
001 - CONTROL NUMBER
control field 13815
005 - DATE AND TIME OF LATEST TRANSACTION
control field 20260407155444.0
008 - FIXED-LENGTH DATA ELEMENTS--GENERAL INFORMATION
fixed length control field 260407a1990 arg spa d
003 - CONTROL NUMBER IDENTIFIER
control field AR-UNSa-BCEJYS
040 ## - CATALOGING SOURCE
Original cataloging agency AR-UNSa-BCEJYS
Language of cataloging spa
Transcribing agency AR-UNSa-BCEJYS
080 ## - UNIVERSAL DECIMAL CLASSIFICATION NUMBER
Universal Decimal Classification number 342.9
Common auxiliary subdivision Derecho Administrativo
041 ## - LANGUAGE CODE
Language code of text/sound track or separate title spa
100 1# - MAIN ENTRY--PERSONAL NAME
Personal name Diez, Manuel María
245 10 - TITLE STATEMENT
Title Manual de derecho administrativo
250 ## - EDITION STATEMENT
Edition statement 5a. ed.
264 #1 - PRODUCTION, PUBLICATION, DISTRIBUTION, MANUFACTURE, AND COPYRIGHT NOTICE
Place of production, publication, distribution, manufacture Buenos Aires :
Name of producer, publisher, distributor, manufacturer Plus Ultra
Date of production, publication, distribution, manufacture, or copyright notice 1990
300 ## - PHYSICAL DESCRIPTION
Extent 431 p.
Dimensions 22 cm.
505 ## - FORMATTED CONTENTS NOTE
Formatted contents note 1. Introducción - 2. El Estado y sus funciones - 3. La administración pública - 4. El derecho administrativo - 5. Relaciones del derecho administrativo - 6. Fuentes del derecho administrativo - 7. Organización administrativa - 8. Los sujetos en el derecho administrativo - 9. Organización administrativa Argentina - 10. De los hechoa y actos administrativos - 11. Clasificación de los actos administrativos - 12. La formación del acto administrativo - 13. Elementos del acto admionistrativo - 14. Caracteres del acto administrativo - 15. Nulidad de los actos administrativos - 16. Los vicios del acto administrativo - 17. Del saneamiento y de la conversión de los actos administrativos - 18. De la extinción de los actos administrativos - 19. La interpretación de los actos administrativos - 20. El acto de gobierno del órgano ejecutivo - 21. Contratos administrativos - 22. Procedimiento para la formación de los contratos que celebre la administración - 23. De la ejecución de los contratos administrativos - 24. De la extinción de los contratos administrativos - 25. Contrato de obra pública - 26. Concesión de obra pública - 27. Contrato de suministros
590 ## - LOCAL NOTE (RLIN)
Local note niveau_biblio:m niveau_hierar:0
700 1# - ADDED ENTRY--PERSONAL NAME
Personal name Hutchinson, Tomás A.
856 41 - ELECTRONIC LOCATION AND ACCESS
Uniform Resource Identifier <a href="https://biblioeco.unsa.edu.ar/pmb/images/libros/L85532.jpg">https://biblioeco.unsa.edu.ar/pmb/images/libros/L85532.jpg</a>
Link text Imagen de portada
Electronic format type image/jpeg
942 ## - ADDED ENTRY ELEMENTS (KOHA)
Koha item type
Existencias
Withdrawn status Lost status Damaged status Not for loan Home library Current library Shelving location Date acquired Total checkouts Full call number Barcode Date last seen Price effective from Koha item type
        Biblioteca Prof. Eusebio Cleto del Rey Biblioteca Prof. Eusebio Cleto del Rey   07/04/2026   342.9 D568 v.1 5ed. L53669 07/04/2026 07/04/2026 Libro